<?xml version="1.0" encoding="UTF-8"?>
<record
    xmlns:xsi="http://www.w3.org/2001/XMLSchema-instance"
    xsi:schemaLocation="http://www.loc.gov/MARC21/slim http://www.loc.gov/standards/marcxml/schema/MARC21slim.xsd"
    xmlns="http://www.loc.gov/MARC21/slim">

  <leader>00320nam a22001217a 4500</leader>
  <controlfield tag="008">241016b        |||||||| |||| 00| 0 eng d</controlfield>
  <datafield tag="022" ind1=" " ind2=" ">
    <subfield code="a">07439156</subfield>
  </datafield>
  <datafield tag="041" ind1=" " ind2=" ">
    <subfield code="a">Eng</subfield>
  </datafield>
  <datafield tag="245" ind1=" " ind2=" ">
    <subfield code="a">Journal Of Public Policy &amp; Marketing</subfield>
  </datafield>
  <datafield tag="260" ind1=" " ind2=" ">
    <subfield code="a">Dehli</subfield>
    <subfield code="b">Sage Publication</subfield>
    <subfield code="c">2024</subfield>
  </datafield>
  <datafield tag="856" ind1=" " ind2=" ">
    <subfield code="u">journals.sagepub.com/home/ppo</subfield>
  </datafield>
  <datafield tag="942" ind1=" " ind2=" ">
    <subfield code="c">SR</subfield>
    <subfield code="s">1</subfield>
  </datafield>
  <datafield tag="999" ind1=" " ind2=" ">
    <subfield code="c">42345</subfield>
    <subfield code="d">42345</subfield>
  </datafield>
  <datafield tag="952" ind1=" " ind2=" ">
    <subfield code="0">0</subfield>
    <subfield code="1">0</subfield>
    <subfield code="2">ddc</subfield>
    <subfield code="4">0</subfield>
    <subfield code="7">0</subfield>
    <subfield code="a">IMTN</subfield>
    <subfield code="b">IMTN</subfield>
    <subfield code="d">2024-10-16</subfield>
    <subfield code="h">Vol. 43, No. 1</subfield>
    <subfield code="l">0</subfield>
    <subfield code="p">P81</subfield>
    <subfield code="r">2024-10-16 00:00:00</subfield>
    <subfield code="w">2024-10-16</subfield>
    <subfield code="y">SR</subfield>
  </datafield>
  <datafield tag="952" ind1=" " ind2=" ">
    <subfield code="0">0</subfield>
    <subfield code="1">0</subfield>
    <subfield code="2">ddc</subfield>
    <subfield code="4">0</subfield>
    <subfield code="7">0</subfield>
    <subfield code="a">IMTN</subfield>
    <subfield code="b">IMTN</subfield>
    <subfield code="d">2024-10-16</subfield>
    <subfield code="h">Vol. 43, No. 2</subfield>
    <subfield code="l">0</subfield>
    <subfield code="p">P82</subfield>
    <subfield code="r">2024-10-16 00:00:00</subfield>
    <subfield code="w">2024-10-16</subfield>
    <subfield code="y">SR</subfield>
  </datafield>
  <datafield tag="952" ind1=" " ind2=" ">
    <subfield code="0">0</subfield>
    <subfield code="1">0</subfield>
    <subfield code="2">ddc</subfield>
    <subfield code="4">0</subfield>
    <subfield code="7">0</subfield>
    <subfield code="a">IMTN</subfield>
    <subfield code="b">IMTN</subfield>
    <subfield code="d">2024-10-16</subfield>
    <subfield code="h">Vol. 43, No. 3</subfield>
    <subfield code="l">0</subfield>
    <subfield code="p">P83</subfield>
    <subfield code="r">2024-10-16 00:00:00</subfield>
    <subfield code="w">2024-10-16</subfield>
    <subfield code="y">SR</subfield>
  </datafield>
  <datafield tag="952" ind1=" " ind2=" ">
    <subfield code="0">0</subfield>
    <subfield code="1">0</subfield>
    <subfield code="2">ddc</subfield>
    <subfield code="4">0</subfield>
    <subfield code="7">0</subfield>
    <subfield code="a">IMTN</subfield>
    <subfield code="b">IMTN</subfield>
    <subfield code="d">2024-12-02</subfield>
    <subfield code="h">Vol. 43, No. 4</subfield>
    <subfield code="l">0</subfield>
    <subfield code="p">P108</subfield>
    <subfield code="r">2024-12-02 00:00:00</subfield>
    <subfield code="w">2024-12-02</subfield>
    <subfield code="y">SR</subfield>
  </datafield>
  <datafield tag="952" ind1=" " ind2=" ">
    <subfield code="0">0</subfield>
    <subfield code="1">0</subfield>
    <subfield code="2">ddc</subfield>
    <subfield code="4">0</subfield>
    <subfield code="7">0</subfield>
    <subfield code="a">IMTN</subfield>
    <subfield code="b">IMTN</subfield>
    <subfield code="d">2025-11-25</subfield>
    <subfield code="h">Vol. 44, No. 1</subfield>
    <subfield code="l">0</subfield>
    <subfield code="p">P1041</subfield>
    <subfield code="r">2025-11-25 12:19:56</subfield>
    <subfield code="w">2025-11-25</subfield>
    <subfield code="y">SR</subfield>
  </datafield>
  <datafield tag="952" ind1=" " ind2=" ">
    <subfield code="0">0</subfield>
    <subfield code="1">0</subfield>
    <subfield code="2">ddc</subfield>
    <subfield code="4">0</subfield>
    <subfield code="7">0</subfield>
    <subfield code="a">IMTN</subfield>
    <subfield code="b">IMTN</subfield>
    <subfield code="d">2025-11-25</subfield>
    <subfield code="h">Vol. 44, No. 2</subfield>
    <subfield code="l">0</subfield>
    <subfield code="p">P1042</subfield>
    <subfield code="r">2025-11-25 12:21:00</subfield>
    <subfield code="w">2025-11-25</subfield>
    <subfield code="y">SR</subfield>
  </datafield>
  <datafield tag="952" ind1=" " ind2=" ">
    <subfield code="0">0</subfield>
    <subfield code="1">0</subfield>
    <subfield code="2">ddc</subfield>
    <subfield code="4">0</subfield>
    <subfield code="7">0</subfield>
    <subfield code="a">IMTN</subfield>
    <subfield code="b">IMTN</subfield>
    <subfield code="d">2025-11-25</subfield>
    <subfield code="h">Vol. 44, No. 3</subfield>
    <subfield code="l">0</subfield>
    <subfield code="p">P1043</subfield>
    <subfield code="r">2025-11-25 12:21:38</subfield>
    <subfield code="w">2025-11-25</subfield>
    <subfield code="y">SR</subfield>
  </datafield>
  <datafield tag="952" ind1=" " ind2=" ">
    <subfield code="0">0</subfield>
    <subfield code="1">0</subfield>
    <subfield code="2">ddc</subfield>
    <subfield code="4">0</subfield>
    <subfield code="7">0</subfield>
    <subfield code="a">IMTN</subfield>
    <subfield code="b">IMTN</subfield>
    <subfield code="d">2025-11-25</subfield>
    <subfield code="h">Vol. 44, No. 4</subfield>
    <subfield code="l">0</subfield>
    <subfield code="p">P1044</subfield>
    <subfield code="r">2025-11-25 12:24:13</subfield>
    <subfield code="w">2025-11-25</subfield>
    <subfield code="y">SR</subfield>
  </datafield>
</record>
